5x5 in 90: Mixed Geography Minefield Blitz Quiz Stats

 Plays Quiz Updated Jun 22, 2016

Challenge
Share
Tweet
Embed
Score 0/25 Timer 01:30
3 Plays Today
% Correct
???
54.7%
???
52.7%
???
47.7%
???
47.3%
???
46.5%
???
45.7%
???
45.6%
???
45.2%
???
44.5%
???
44.4%
???
44.3%
???
43.4%
???
41.7%
% Correct
???
41.4%
???
40.7%
???
32.8%
???
32.3%
???
32.2%
???
27.2%
???
24.6%
???
23%
???
22.1%
???
21.5%
???
20%
???
16.8%

You're not logged in!

Compare scores with friends on all Sporcle quizzes.
OR
Log In

You Might Also Like...

Show Comments

Extras

Top Quizzes Today


Score Distribution

Your Account Isn't Verified!

In order to create a playlist on Sporcle, you need to verify the email address you used during registration. Go to your Sporcle Settings to finish the process.

Report this User

Report this user for behavior that violates our Community Guidelines.

Details: